An exploratory study of the applicability of porter's generic strategies in the retail industry /
Saved in:
| Main Author: | |
|---|---|
| Format: | Thesis |
| Language: | English |
| Published: |
Gombak, Selangor :
International Islamic University Malaysia,
2001
|
| Subjects: | |
| Online Access: | Click here to view 1st 24 pages of the thesis. Members can view fulltext at the specified PCs in the library. |
| Tags: |
Add Tag
No Tags, Be the first to tag this record!
|
| LEADER | 017830000a22003610004500 | ||
|---|---|---|---|
| 001 | 276880 | ||
| 005 | 20090820105700.0 | ||
| 008 | 040421s2001 my a g 000 0 eng d | ||
| 035 | |a (Sirsi) 276880 | ||
| 040 | |a UIAM |b eng | ||
| 041 | 0 | |a eng | |
| 043 | |a a-my--- | ||
| 049 | |b m | ||
| 050 | 0 | 0 | |a HF5429 |
| 100 | 1 | |a Manikam, Janaki M. | |
| 245 | 1 | 3 | |a An exploratory study of the applicability of porter's generic strategies in the retail industry / |c by Janaki M.Manikam |
| 260 | |a Gombak, Selangor : |b International Islamic University Malaysia, |c 2001 | ||
| 300 | |a 79 leaves : |b ill. ; |c 30 cm. | ||
| 500 | |a Title from cover. | ||
| 500 | |a "... has fulfilled the condition of the project paper prepared in partial fulfillment for the degree of Master of Management."--Approval page | ||
| 502 | |a Thesis (M.O.M)--International Islamic University Malaysia, 2001 | ||
| 504 | |a Includes bibliographical references | ||
| 596 | |a 1 | ||
| 600 | 1 | 0 | |a Porter, Michael E., |d 1947- |x contributions in economic competiton |
| 650 | 0 | |a Retail trade |x Management | |
| 655 | 0 | 7 | |a Theses, IIUM local |
| 690 | 0 | |a Dissertations, Academic |x Management Centre |z IIUM | |
| 710 | 2 | |a International Islamic University Malaysia. |b Management Centre | |
| 856 | 4 | |u http://studentrepo.iium.edu.my/handle/123456789/2966 |z Click here to view 1st 24 pages of the thesis. Members can view fulltext at the specified PCs in the library. | |
| 900 | |a bi-hj-rose-hana-bs-hm | ||
| 999 | |c 432364 |d 463710 | ||
| 952 | |0 0 |6 T HF 005429 M278E 2001 |7 0 |8 THESES |9 754295 |a IIUM |b IIUM |c MULTIMEDIA |g 0.00 |o t HF 5429 M278E 2001 |p 00000868536 |r 2017-10-19 |t 1 |v 0.00 |y THESIS | ||
| 952 | |0 0 |6 TS CDF HF 5429 M278E 2001 |7 0 |8 THESES |9 813484 |a IIUM |b IIUM |c MULTIMEDIA |g 0.00 |o ts cdf HF 5429 M278E 2001 |p 11100325919 |r 2017-10-26 |t 1 |v 0.00 |y THESISDIG | ||
